LEADER 00718nam0-22002891i-450- 001 990003260210403321 005 20060502120002.0 035 $a000326021 035 $aFED01000326021 035 $a(Aleph)000326021FED01 035 $a000326021 100 $a20030910d1969----km-y0itay50------ba 101 0 $aeng 105 $ay-------001yy 200 1 $aNew towns 210 $aLondon$cHeb$d1969 215 $app. 56 610 0 $aPolitica urbana 676 $a044.005 700 1$aWilliams,$bMichael$f<1935-2009>$096029 801 0$aIT$bUNINA$gRICA$2UNIMARC 901 $aBK 912 $a990003260210403321 952 $a044.005.WIL$b1071$fDECGE 959 $aDECGE 996 $aNew towns$9450949 997 $aUNINA LEADER 00836nam0-22002891i-450- 001 990000436860403321 005 20001010 035 $a000043686 035 $aFED01000043686 035 $a(Aleph)000043686FED01 035 $a000043686 100 $a20001010d--------km-y0itay50------ba 101 0 $aita 105 $ay-------001yy 200 1 $aCapitolato-programma tipo per l'appalto concorso impianti di ascensori e montacarichi 210 $aRoma$cEdizioni DEI$ds.d. 215 $a40 p.$d28 cm 610 0 $aEdilizia Analisi 676 $a692 801 0$aIT$bUNINA$gRICA$2UNIMARC 901 $aBK 912 $a990000436860403321 952 $a08 DD 117$b202$fDINED 959 $aDINED 996 $aCapitolato-programma tipo per l'appalto concorso impianti di ascensori e montacarichi$9333339 997 $aUNINA DB $aING01 LEADER 01232nam0-22004451i-450- 001 990007741340403321 005 20091127130836.0 010 $a88-14-04399-X 035 $a000774134 035 $aFED01000774134 035 $a(Aleph)000774134FED01 035 $a000774134 100 $a20030814d1994----km-y0itay50------ba 101 0 $aita 102 $aIT 105 $ay-------001yy 200 1 $aPeriodici giuridici italiani (1850-1900)$erepertorio$fa cura di Carlo Mansuino 210 $aMilano$cGiuffrè$d© 1994 215 $aXIV, 365 p.$d23 cm 225 1 $aPer la storia del pensiero giuridico moderno$v43 676 $a346.07$v21$zita 676 $a011.34$v21$zita 702 1$aMansuino,$bCarlo 801 0$aIT$bUNINA$gRICA$2UNIMARC 901 $aBK 912 $a990007741340403321 952 $aXI SPG 43$b303$fDFD 952 $aVI L 908$b3556$fDDA 952 $a21-M-26$b6829$fDDCP 952 $aCN. 17 (43$b241$fDDCIC 952 $aCOLLEZ.354BIS (43)$b24841*$fFGBC 952 $aDP VI-403$b13461$fDEC 959 $aDDCP 959 $aDDCIC 959 $aFGBC 959 $aDDA 959 $aDFD 959 $aDEC 996 $aPeriodici giuridici italiani (1850-1900$9665023 997 $aUNINA